El cuerpo humano / (Record no. 42171)

MARC details
000 -LEADER
campo de control de longitud fija 00583nam a2200205 i 4500
001 - NÚMERO DE CONTROL
campo de control 42171
003 - IDENTIFICADOR DE NÚMERO DE CONTROL
campo de control ES-MaACL
005 - FECHA Y HORA DE LA ÚLTIMA TRANSACCIÓN
campo de control 20230906160548.0
007 - CAMPO FIJO DE DESCRIPCIÓN FÍSICA--INFORMACIÓN GENERAL
campo de control de longitud fija t|
008 - DATOS DE LONGITUD FIJA--INFORMACIÓN GENERAL
campo de control de longitud fija 030312s1960 sp ||||1| spa d
100 1# - ENTRADA PRINCIPAL--NOMBRE DE PERSONA
Nombre de persona Castelló Roca, Augusto.
9 (RLIN) 36564
245 13 - MENCIÓN DEL TÍTULO
Título El cuerpo humano /
Mención de responsabilidad, etc. por Augusto Castelló Roca.
250 ## - MENCION DE EDICION
Mención de edición [1ª ed.].
260 ## - PUBLICACIÓN, DISTRIBUCIÓN, ETC.
Lugar de publicación, distribución, etc. Barcelona :
Nombre del editor, distribuidor, etc. Gassó,
Fecha de publicación, distribución, etc. [1960]
300 ## - DESCRIPCIÓN FÍSICA
Extensión 406 p. :
Otras características físicas il. ;
Dimensiones 20 cm.
490 1# - MENCIÓN DE SERIE
Mención de serie Enciclopedias de Gassó
830 0# - PUNTO DE ACCESO ADICIONAL DE SERIE-TÍTULO UNIFORME
Título uniforme Enciclopedias de Gassó
9 (RLIN) 181703
852 ## - LOCALIZACIÓN
Ubicación ES-MaACL
Número de control de estantería C-19108
Sublocalización o colección R.46947
Holdings
Estatus retirado Estado de pérdida Estado de daño No para préstamo Biblioteca de origen Biblioteca actual Ubicación en estantería Fecha de adquisición Fuente de adquisición Total de préstamos Signatura topográfica completa Código de barras Visto por última vez Precio de reemplazo Tipo de ítem Koha
        Biblioteca del Ateneo de Madrid Biblioteca del Ateneo de Madrid Galería 17/01/2008     C-19108 1044383 23/02/2023 23/02/2023 Libro impreso